Identidad partidaria y programa político en la era dela globalización /
Guardado en:
| Autor principal: | |
|---|---|
| Formato: | Texto |
| Etiquetas: |
Agregar Etiqueta
Sin Etiquetas, Sea el primero en etiquetar este registro!
|
MARC
| LEADER | 00000 a a2200000 04500 | ||
|---|---|---|---|
| 001 | 48119 | ||
| 003 | |||
| 040 | |||
| 100 | |a Arias Calderón, Ricardo | ||
| 245 | |a Identidad partidaria y programa político en la era dela globalización / |c Ricardo Arias Calderón | ||
| 773 | |g número46, (abril-setiembre, 1997), páginas 14-19 | ||
| 999 | |c 25416 |d 25416 | ||
